| 000 | 01036nam a2200313 c 4500 | ||
|---|---|---|---|
| 001 | 60823 | ||
| 003 | CO-BoRNBP | ||
| 005 | 20260318212408.0 | ||
| 007 | ta | ||
| 008 | 231210s2023 ck a|||ar|||| 00||p spa d | ||
| 020 | _a9789580716211 | ||
| 040 |
_aCO-BoRNBP _bspa _erda _cCO-BoRNBP |
||
| 041 | 0 | _aspa | |
| 084 | _aP | ||
| 100 | 1 | 0 |
_aArjona Matas, Rafael, _d1945- _eaut _958491 |
| 245 | 1 | 0 |
_aLluvia de verbos / _cRafael Arjona Matas ; ilustraciones Mariana Villanueva. |
| 250 | _aEdición especial | ||
| 264 | 1 |
_aBogotá, Colombia : _bSusaeta Ediciones, _c2023 |
|
| 300 |
_a40 páginas : _bilustraciones a color |
||
| 336 |
_atexto _btxt _2rdacontent |
||
| 337 |
_asin mediación _bn _2rdamedia |
||
| 338 |
_avolumen _bnc _2rdacarrier |
||
| 521 | _aRecomendado para un público infantil a partir de los 6 años | ||
| 650 | 1 | 7 |
_aLiteratura infantil española _2rnbp _9726 |
| 650 | 0 | 7 |
_aLluvia en la literatura _2rnbp _958492 |
| 650 | 1 | 7 |
_aPoesía infantil española _2rnbp _91733 |
| 700 | 1 | _aVillanueva, Marciano | |
| 942 |
_2loc _cBKLITI |
||
| 999 |
_c60823 _d60823 |
||